000
00298nam a2200133Ia 4500
003
OSt
005
20231205072558.0
008
170524s9999 xx 000 0 und d
020
_a
9788131725412
040
_c
IIMT UNIVERSITY
100
_a
LAUDON- KENNTH C.
245
0
_a
E-COMMERCE
942
_2
ddc
_c
02
999
_c
9574
_d
9574